Préfectures de France : Gap - Statistiques

Statistiques générales
  • Ce quiz a été pris 71 fois
  • Le résultat moyen est 14 sur 30
Statistiques - réponses
Question Réponse % Correct
Quel numéro porte celui-ci ? 05
100%
De quel département est-ce la préfecture ? Hautes-Alpes
100%
La ville a longtemps appartenu au diocèse de/d' Gap | Embrun
98%
Comment se nomment ses habitants ? Gapençais | Gapençaise
88%
La ville appartient à l'académie de Aix-Marseille
81%
Partie historiquement de la province du Dauphiné
81%
Le journal local est Le {Dauphiné} libéré
81%
A quelle région administrative appartient la ville depuis 2015 ? Provence-Alpes-Côte d’Azur
79%
Spécialité locale à base de pommes de terre, le {Gratin} dauphinois
75%
L'équipe locale de hockey sur glace a été {4} fois championne de France
71%
La couleur de fond de son blason est le/l' bleu
71%
L'équipe locale de hockey sur glace se nomme les {Rapaces}
69%
Spécialité locale Beignet frit dans l'huile farci d'une purée {Tourton}
67%
Quelles sont les sous-préfectures qui en dépendent ? Briançon
60%
Spécialité locale Gratin d'épinards sauvages et de pâte à crêpes {Oreilles} d'âne
58%
La ville est édifiée dans une vallée creusée par la Durance
48%
L'aéroport le plus proche est Grenoble
44%
La ville est desservie par l'autoroute A51
42%
Les massifs qui dominent la ville sont ceux des {Ecrins}
33%
Les massifs qui dominent la ville sont ceux du {Dévoluy}
21%
Les communes limitrophes dont le nom commence par LA La Rochette
15%
Les communes limitrophes dont le nom commence par LA La Roche des Arnauds
13%
Les communes limitrophes dont le nom commence par LA La Fresssinouse
12%
Sa cathédrale est dédiée à Notre-Dame | Vierge
10%
Ville européenne jumelée avec la ville (2 possibles) Pinerolo | Traunstein
8%
Les communes limitrophes dont le nom commence par LA Laye
6%
La gare a été mise en service en 1875
4%
Ville ayant un accord de coopération (2 possibles) Bangou | Katmandou
0%
Les massifs qui dominent la ville sont ceux du {Colombis}
0%
Les communes limitrophes dont le nom commence par LA La Fare-en-Champsaur
0%
Aucun quiz correspondant
Distribution des résultats
% des personnes avec chaque résultat
Percentile par nombre de réponses
Votre historique - résultats
Vous n’avez pas pris ce quiz